[Event "Bezirkseinzelmeisterschaft"]
[Site "?"]
[Date "2005.05.25"]
[Round "1.11"]
[White "Siewert, Patrick"]
[Black "Khasin, Daniel"]
[Result "0-1"]
[WhiteElo "1096"]
[BlackElo "1600"]
[PlyCount "30"]
[EventDate "2005.05.25"]
[SourceDate "2005.05.25"]

1. e4 e5 2. Nf3 Nc6 3. Bb5 Bc5 4. O-O d6 5. c3 a6 6. Ba4 b5 7. Bc2 Bg4 8. d3
Nge7 9. Nbd2 O-O 10. b4 Bb6 11. Bb3 a5 12. a3 axb4 13. Qc2 bxc3 14. Qxc3 Nd4
15. Bb2 Ne2+ 0-1

[Event "Bezirkseinzelmeisterschaft"]
[Site "?"]
[Date "2005.05.25"]
[Round "1.1"]
[White "Rovner, Vladimir"]
[Black "Danner, Lambert"]
[Result "0-1"]
[WhiteElo "1579"]
[BlackElo "1937"]
[PlyCount "94"]
[EventDate "2005.05.25"]
[SourceDate "2005.05.25"]

1. e4 Nf6 2. Nc3 Nc6 3. d4 d5 4. e5 Nd7 5. Nxd5 Ndb8 6. c4 e6 7. Nc3 Qxd4 8.
Qxd4 Nxd4 9. Bd3 Nbc6 10. Be3 Nxe5 11. Bxd4 Nxd3+ 12. Ke2 Nc5 13. b4 Na6 14. a3
c5 15. bxc5 Bxc5 16. Bxc5 Nxc5 17. Nf3 Bd7 18. Rhd1 Ke7 19. Ne5 Rhd8 20. Nxd7
Rxd7 21. Rxd7+ Nxd7 22. Ne4 Rc8 23. Rc1 Nc5 24. Nxc5 Rxc5 25. Kd3 b5 26. Rc3
bxc4+ 27. Rxc4 Rxc4 28. Kxc4 Kd6 29. Kb5 Kc7 30. Kc5 a6 31. f3 g5 32. g4 Kb7
33. Kd6 Kb6 34. Ke7 Kb5 35. Kxf7 a5 36. Kg7 Ka4 37. Kxh7 Kxa3 38. Kg6 Kb3 39.
Kxg5 a4 40. Kf6 a3 41. Kxe6 a2 42. f4 a1=Q 43. Kf5 Kc4 44. g5 Kd5 45. h4 Qh8
46. Kg4 Ke4 47. f5 Qc8 0-1

[Event "Bezirkseinzelmeisterschaft"]
[Site "?"]
[Date "2005.05.25"]
[Round "1.2"]
[White "Feicht, Arno"]
[Black "Marius, Michels"]
[Result "1-0"]
[WhiteElo "1930"]
[BlackElo "1567"]
[PlyCount "45"]
[EventDate "2005.05.25"]
[SourceDate "2005.05.25"]

1. d4 Nf6 2. Nc3 d5 3. Bg5 e6 4. Nf3 Be7 5. Bxf6 Bxf6 6. e4 dxe4 7. Nxe4 Nd7 8.
Qd2 O-O 9. O-O-O Qe7 10. g4 g6 11. h4 c5 12. Bb5 cxd4 13. h5 a6 14. Bd3 Nc5 15.
Nxc5 Qxc5 16. hxg6 fxg6 17. Qh6 Qe7 18. g5 Bh8 19. Bxg6 hxg6 20. Qxh8+ Kf7 21.
Rh7+ Ke8 22. Rxe7+ Kxe7 23. Qh3 1-0

[Event "Bezirkseinzelmeisterschaft"]
[Site "?"]
[Date "2005.05.25"]
[Round "1.6"]
[White "Lueders, Morten"]
[Black "Risius, Philipp"]
[Result "1-0"]
[WhiteElo "1800"]
[BlackElo "1509"]
[PlyCount "65"]
[EventDate "2005.05.25"]
[SourceDate "2005.05.25"]

1. e4 e5 2. Nf3 Nf6 3. Nxe5 d6 4. Nf3 Nxe4 5. Nc3 Nf6 6. d4 Bg4 7. Be2 Nc6 8.
d5 Bxf3 9. Bxf3 Ne5 10. O-O Be7 11. Re1 Nxf3+ 12. Qxf3 O-O 13. Be3 Nd7 14. Bd4
Bf6 15. Qd3 a6 16. Ne4 Bxd4 17. Qxd4 Ne5 18. Re3 f5 19. Nd2 Qf6 20. f4 Ng4 21.
Qxf6 Nxf6 22. c4 Rfe8 23. Rae1 Kf7 24. Nf3 Ne4 25. Nd4 g6 26. g4 Kf6 27. Ne6
Re7 28. Ng5 Rae8 29. Nxe4+ Rxe4 30. Rxe4 Rxe4 31. g5+ Kg7 32. Rxe4 fxe4 33. Kf2
1-0

[Event "Bezirkseinzelmeisterschaft"]
[Site "?"]
[Date "2005.05.25"]
[Round "1.8"]
[White "Schaub, Thomas"]
[Black "Schurmann, Raimund"]
[Result "1/2-1/2"]
[WhiteElo "1715"]
[BlackElo "1353"]
[PlyCount "43"]
[EventDate "2005.05.25"]
[SourceDate "2005.05.25"]

1. e4 c5 2. Nf3 d6 3. d4 cxd4 4. Nxd4 a6 5. c4 Nf6 6. Nc3 e6 7. Be2 Be7 8. Be3
O-O 9. O-O Nbd7 10. Qc2 Qc7 11. Rfd1 b6 12. a3 Bb7 13. f3 Rac8 14. Rac1 Rfd8
15. Qd2 Ne5 16. Na4 Ned7 17. b4 Qb8 18. Nb3 Ba8 19. Bf4 Ne8 20. Nb2 Ndf6 21.
Nd3 Bc6 22. Qb2 1/2-1/2

[Event "Bezirkseinzelmeisterschaft"]
[Site "?"]
[Date "2005.05.25"]
[Round "1.3"]
[White "Budeck, Alfred"]
[Black "Orwatsch, Gerhard"]
[Result "1-0"]
[WhiteElo "1536"]
[BlackElo "1930"]
[PlyCount "57"]
[EventDate "2005.05.25"]
[SourceDate "2005.05.25"]

1. c4 e5 2. Nc3 Nc6 3. g3 Nf6 4. Bg2 g6 5. e4 Bg7 6. d3 d6 7. Nge2 Bg4 8. h3
Bd7 9. O-O h5 10. f4 Qc8 11. Kh2 a6 12. Nd5 Nxd5 13. cxd5 Ne7 14. fxe5 dxe5 15.
Qb3 Rf8 16. Be3 Qb8 17. d4 c6 18. dxe5 Bxe5 19. Bf4 b5 20. Rad1 Ng8 21. d6 Bxf4
22. Nxf4 Qb6 23. Qf3 O-O-O 24. e5 Kb8 25. Rc1 Rc8 26. Nd3 Nh6 27. Nc5 Bf5 28.
Qc3 Rh8 29. Rxf5 1-0

[Event "Bezirkseinzelmeisterschaft"]
[Site "?"]
[Date "2005.05.25"]
[Round "1.9"]
[White "Risius, Joerg"]
[Black "Fichtl, Andreas"]
[Result "0-1"]
[WhiteElo "1232"]
[BlackElo "1625"]
[PlyCount "91"]
[EventDate "2005.05.25"]
[SourceDate "2005.05.25"]

1. d4 d5 2. c4 c6 3. Nc3 Nf6 4. Bg5 e6 5. Qc2 Be7 6. Nf3 Nfd7 7. Bxe7 Qxe7 8.
e4 dxe4 9. Nxe4 e5 10. dxe5 Nxe5 11. Nxe5 Qxe5 12. Bd3 f5 13. O-O fxe4 14. Rae1
O-O 15. Rxe4 Qg5 16. Re3 Bf5 17. Rfe1 Na6 18. Rg3 Bxd3 19. Qxd3 Qf5 20. Qd4 Qf6
21. Qxf6 Rxf6 22. Re7 Rf7 23. Rxf7 Kxf7 24. Rf3+ Ke6 25. Re3+ Kd6 26. Rd3+ Kc7
27. Re3 Rd8 28. h3 Nb4 29. a3 Nd3 30. Re7+ Rd7 31. Rxd7+ Kxd7 32. b4 Nb2 33. c5
Nc4 34. a4 Nb2 35. a5 Nd3 36. g4 Nxb4 37. f4 Nd3 38. f5 Nxc5 39. g5 Ne4 40. h4
Ng3 41. f6 gxf6 42. gxf6 Ke6 43. Kg2 Nf5 44. f7 Nxh4+ 45. Kh3 Kxf7 46. Kxh4 0-1

[Event "Bezirkseinzelmeisterschaft"]
[Site "?"]
[Date "2005.05.25"]
[Round "1.5"]
[White "Bruchmueller, Frank"]
[Black "Rovner, Peter"]
[Result "1-0"]
[WhiteElo "1518"]
[BlackElo "1823"]
[PlyCount "89"]
[EventDate "2005.05.25"]
[SourceDate "2005.05.25"]

1. c4 c6 2. Nf3 d5 3. b3 Nf6 4. e3 e6 5. Bb2 Bd6 6. d4 Bb4+ 7. Nc3 Ne4 8. Qc2
O-O 9. Bd3 f5 10. O-O b6 11. Ne5 Bd6 12. f3 Nf6 13. cxd5 cxd5 14. Rac1 a6 15.
Qd2 Bb7 16. Ne2 Nbd7 17. Nf4 Qe7 18. Rc2 Bb4 19. Qe2 Ne8 20. Nc6 Bxc6 21. Rxc6
Bd6 22. Rfc1 b5 23. Bb1 Nb8 24. Rc8 Ra7 25. R8c2 Nc7 26. Nd3 a5 27. Nc5 Rc8 28.
a3 Qh4 29. g3 Qe7 30. e4 fxe4 31. fxe4 dxe4 32. Qxe4 g6 33. Nxe6 Qxe6 34. Qxe6+
Nxe6 35. Rxc8+ Kf7 36. Rf1+ Ke7 37. Rh8 Rd7 38. Rxh7+ Kd8 39. Rxd7+ Kxd7 40.
Bxg6 Kc6 41. Be4+ Kd7 42. Kg2 Ng5 43. Bf5+ Kc6 44. h4 Nf7 45. Be4+ 1-0

[Event "Bezirkseinzelmeisterschaft"]
[Site "?"]
[Date "2005.05.25"]
[Round "1.10"]
[White "Pade, Joachim"]
[Black "Schwirz, Ulrich"]
[Result "1-0"]
[WhiteElo "1620"]
[BlackElo "1138"]
[PlyCount "90"]
[EventDate "2005.05.25"]
[SourceDate "2005.05.25"]

1. f4 Nf6 2. Nf3 g6 3. b3 Bg7 4. Bb2 d5 5. e3 Bg4 6. h3 Bxf3 7. Qxf3 Qd6 8. Nc3
c6 9. O-O-O Nbd7 10. Kb1 O-O-O 11. g4 Rhg8 12. g5 Ne4 13. Nxe4 dxe4 14. Qxe4
Bxb2 15. Kxb2 Nc5 16. Qc4 f5 17. Bg2 e6 18. h4 Rge8 19. d4 Nd7 20. Qa4 Kb8 21.
c4 Nb6 22. Qa5 Qc7 23. Qc3 Re7 24. a4 Nd7 25. h5 c5 26. hxg6 hxg6 27. d5 Qd6
28. dxe6 Qxe6 29. Qa5 Qg8 30. Rd3 Qg7+ 31. Ka2 Rc8 32. Rhd1 Rc7 33. Bd5 Nb6 34.
Bg2 Nd7 35. Qd2 Kc8 36. a5 a6 37. Rd6 Kb8 38. e4 fxe4 39. Bh3 e3 40. Qe2 Kc8
41. R1d3 Qf8 42. Rxe3 Rxe3 43. Qxe3 Qd8 44. Re6 Kb8 45. Re8 Qxe8 1-0

[Event "Bezirkseinzelmeisterschaft"]
[Site "?"]
[Date "2005.05.25"]
[Round "1.7"]
[White "Polek, Maik"]
[Black "Stojadinovic, Tomislav"]
[Result "0-1"]
[WhiteElo "1357"]
[BlackElo "1765"]
[PlyCount "169"]
[EventDate "2005.05.25"]
[SourceDate "2005.05.25"]

1. Nf3 Nf6 2. g3 b6 3. Bg2 Bb7 4. c4 e6 5. Nc3 Bb4 6. O-O O-O 7. a3 Be7 8. d3
d5 9. Ne5 c5 10. Bf4 Nh5 11. e3 Nxf4 12. exf4 a6 13. Re1 Ra7 14. Qa4 f6 15. Nf3
d4 16. Ne4 Bc6 17. Qc2 Be8 18. Rab1 Nc6 19. Ned2 Qd7 20. Nh4 Bf7 21. Qa4 Rc8
22. b4 g5 23. fxg5 fxg5 24. Bxc6 Qxc6 25. Qxc6 Rxc6 26. Nhf3 Rc8 27. Ne4 h6 28.
Ne5 Kg7 29. bxc5 Bxc5 30. Nxc5 bxc5 31. Rb6 Bg8 32. Rc6 Rxc6 33. Nxc6 Rc7 34.
Na5 Kf6 35. Rb1 Bh7 36. Rb3 Bf5 37. f3 h5 38. h4 gxh4 39. gxh4 Ke5 40. Kf2 Kf4
41. Nb7 Rg7 42. Nxc5 Rg3 43. Nxa6 Rxf3+ 44. Ke2 Rh3 45. c5 Rh2+ 46. Kd1 Ke3 47.
Nb4 Rxh4 48. c6 Rg4 49. c7 Rg8 50. Nc2+ Kf4 51. Rb8 Rg1+ 52. Ne1 Bg4+ 53. Kd2
e5 54. Rf8+ Kg3 55. Rg8 Kf2 56. Rxg4 hxg4 57. c8=Q Rxe1 58. Qxg4 Ra1 59. Qf5+
Kg2 60. Kc2 Re1 61. Qg4+ Kf2 62. Qh4+ Kf1 63. Qxe1+ Kxe1 64. a4 Ke2 65. a5 e4
66. a6 exd3+ 67. Kb2 d2 68. a7 d1=Q 69. a8=Q Qd2+ 70. Kb1 Qb4+ 71. Kc1 Qc3+ 72.
Kb1 Qd3+ 73. Kc1 Qe3+ 74. Kb1 d3 75. Qg2+ Kd1 76. Qf1+ Kd2 77. Qg2+ Qe2 78.
Qg5+ Ke1 79. Qg1+ Qf1 80. Qg3+ Kd1 81. Qg4+ Kd2+ 82. Ka2 Qf7+ 83. Kb1 Qb3+ 84.
Ka1 Qd1+ 85. Kb2 0-1

[Event "Bezirkseinzelmeisterschaft"]
[Site "?"]
[Date "2005.05.26"]
[Round "2.10"]
[White "Michels, Marius"]
[Black "Risius, Joerg"]
[Result "1-0"]
[WhiteElo "1567"]
[BlackElo "1232"]
[PlyCount "59"]
[EventDate "2005.05.25"]
[SourceDate "2005.05.25"]

1. d4 f5 2. Nf3 Nf6 3. g3 g6 4. c4 Bg7 5. Bg2 O-O 6. Nc3 d6 7. O-O Qe8 8. Qc2
c6 9. b3 e5 10. dxe5 dxe5 11. Ba3 Rf7 12. Bd6 e4 13. Ne5 Re7 14. Bxe7 Qxe7 15.
Rad1 Qxe5 16. Rd8+ Kf7 17. Rxc8 Nfd7 18. Rc1 Nb6 19. Rd8 N8d7 20. Rxa8 Nxa8 21.
e3 Nc5 22. Bf1 Nc7 23. b4 N5e6 24. c5 a6 25. Bc4 Nb5 26. Nxb5 axb5 27. Bb3 Qb2
28. Qd1 Qf6 29. Qd7+ Qe7 30. Bxe6+ 1-0

[Event "Bezirkseinzelmeisterschaft"]
[Site "?"]
[Date "2005.05.26"]
[Round "2.11"]
[White "Hofmann, Werner"]
[Black "Siewert, Patrick"]
[Result "1-0"]
[WhiteElo "1525"]
[BlackElo "1096"]
[PlyCount "89"]
[EventDate "2005.05.25"]
[SourceDate "2005.05.25"]

1. e4 e5 2. Nf3 Nc6 3. Bb5 a6 4. Ba4 b5 5. Bb3 Nf6 6. d3 h6 7. O-O Be7 8. a3
O-O 9. Nc3 Bb7 10. h3 Re8 11. Nh2 d6 12. Ng4 Bc8 13. Nxf6+ Bxf6 14. Nd5 Na5 15.
Ba2 c6 16. Nxf6+ Qxf6 17. f4 Be6 18. Bxe6 Qxe6 19. f5 Qf6 20. Rf3 d5 21. Qe1 d4
22. Qxa5 c5 23. b3 Rab8 24. Rg3 Kh7 25. Qe1 Rg8 26. Bb2 Rbc8 27. Rg4 g6 28.
fxg6+ Rxg6 29. Qg3 Rcg8 30. Rxg6 Rxg6 31. Qf2 Qg7 32. Rf1 Kg8 33. Kh1 f6 34.
Qf3 Kf7 35. Bc1 Ke7 36. Rf2 Rg3 37. Qf5 Qf8 38. Qh5 Rg8 39. Qxh6 Qc8 40. Qxf6+
Ke8 41. Qf7+ Kd8 42. Qxg8+ Kc7 43. Qg7+ Kb6 44. b4 cxb4 45. axb4 1-0

[Event "Bezirkseinzelmeisterschaft"]
[Site "?"]
[Date "2005.05.26"]
[Round "2.2"]
[White "Fichtl, Andreas"]
[Black "Feicht, Arno"]
[Result "0-1"]
[WhiteElo "1625"]
[BlackElo "1930"]
[PlyCount "62"]
[EventDate "2005.05.25"]
[SourceDate "2005.05.25"]

1. e4 e5 2. Nf3 Nc6 3. Bc4 Nf6 4. Ng5 d5 5. exd5 b5 6. Bxb5 Qxd5 7. Nc3 Qxg2 8.
Qf3 Qxf3 9. Nxf3 Bd7 10. Rg1 Nd4 11. Bxd7+ Kxd7 12. Nxd4 exd4 13. Ne2 Re8 14.
d3 Rg8 15. Bg5 Nd5 16. Kd2 f6 17. Bh4 g5 18. Bg3 f5 19. h3 c5 20. Rae1 f4 21.
Bh2 Bd6 22. c3 Rb8 23. Kc2 Rb7 24. b3 h6 25. cxd4 cxd4 26. Nxd4 Rc8+ 27. Kb2
Bb4 28. Re4 Bc3+ 29. Kb1 Nf6 30. Re6 Bxd4 31. Rge1 Re8 0-1

[Event "Bezirkseinzelmeisterschaft"]
[Site "?"]
[Date "2005.05.26"]
[Round "2.3"]
[White "Khasin, Daniel"]
[Black "Tkatschow, Anatoli"]
[Result "1/2-1/2"]
[WhiteElo "1600"]
[BlackElo "1840"]
[PlyCount "75"]
[EventDate "2005.05.25"]
[SourceDate "2005.05.25"]

1. e4 c5 2. Nc3 e6 3. g3 d6 4. Bg2 Nc6 5. d3 g6 6. f4 Bg7 7. Nf3 Nge7 8. Be3
Qb6 9. Bd2 O-O 10. a4 h6 11. O-O d5 12. Qe2 d4 13. Nd1 e5 14. a5 Qd8 15. fxe5
Nxe5 16. Nxe5 Bxe5 17. Qf2 Nc6 18. Bxh6 Bg7 19. Bxg7 Kxg7 20. Qd2 Ne5 21. b4
cxb4 22. Qxb4 Nc6 23. Qd2 Be6 24. Nb2 Rb8 25. Ra3 f6 26. Rfa1 Qd6 27. Ra4 Rfc8
28. Nc4 Bxc4 29. Rxc4 b5 30. axb6 Rxb6 31. c3 Rd8 32. cxd4 Nxd4 33. Qe3 Rb2 34.
Bf1 Nc2 35. Qxa7+ Rd7 36. Ra6 Rxa7 37. Rxd6 Ne3 38. Rc1 1/2-1/2

[Event "Bezirkseinzelmeisterschaft"]
[Site "?"]
[Date "2005.05.26"]
[Round "2.6"]
[White "Schurmann, Raimund"]
[Black "Bruchmueller, Frank"]
[Result "0-1"]
[WhiteElo "1353"]
[BlackElo "1518"]
[PlyCount "96"]
[EventDate "2005.05.25"]
[SourceDate "2005.05.25"]

1. e4 d5 2. exd5 Nf6 3. Nf3 Nxd5 4. d4 Bg4 5. Be2 e6 6. c3 Be7 7. O-O O-O 8.
Re1 Nd7 9. Nbd2 c6 10. Qb3 Qc7 11. Nc4 b6 12. Qc2 Rac8 13. Nce5 Bf5 14. Qd2 Bd6
15. Bd3 Bxd3 16. Qxd3 N5f6 17. Qe3 c5 18. Nxd7 Nxd7 19. Ne5 Rce8 20. Nxd7 Qxd7
21. dxc5 Bxc5 22. Qe2 Rd8 23. Bf4 Qd3 24. Qxd3 Rxd3 25. Kf1 Rfd8 26. f3 Bd6 27.
Bxd6 R8xd6 28. Ke2 Rd2+ 29. Kf1 Rxb2 30. Rad1 Rdd2 31. Rxd2 Rxd2 32. a4 Kf8 33.
Re2 Rd1+ 34. Re1 Rxe1+ 35. Kxe1 Ke7 36. Kd2 Kd6 37. Kd3 Kc5 38. h3 g5 39. g3 h6
40. f4 gxf4 41. gxf4 f6 42. h4 h5 43. Ke4 Kc4 44. f5 e5 45. Ke3 Kxc3 46. Ke4
Kc4 47. Ke3 a6 48. Ke4 b5 0-1

[Event "Bezirkseinzelmeisterschaft"]
[Site "?"]
[Date "2005.05.26"]
[Round "2.7"]
[White "Orwatsch, Gerhard"]
[Black "Schaub, Thomas"]
[Result "1-0"]
[WhiteElo "1930"]
[BlackElo "1715"]
[PlyCount "101"]
[EventDate "2005.05.25"]
[SourceDate "2005.05.25"]

1. d4 d5 2. Nf3 Nf6 3. Bf4 e6 4. e3 c6 5. c3 Nbd7 6. Nbd2 Be7 7. h3 O-O 8. Bd3
c5 9. O-O b6 10. Ne5 Bb7 11. Bg3 Nxe5 12. dxe5 Ne4 13. Bh2 Nxd2 14. Qxd2 c4 15.
Bc2 Qc7 16. Qe2 b5 17. Qh5 g6 18. Qe2 a5 19. f4 f5 20. exf6 Bxf6 21. f5 Qf7 22.
fxg6 hxg6 23. Bd6 Qg7 24. Bxf8 Kxf8 25. Qg4 Ke7 26. Rf2 Ra6 27. Qxg6 Qxg6 28.
Bxg6 e5 29. Bh5 Rb6 30. Raf1 b4 31. Re2 e4 32. Rc1 a4 33. g3 Be5 34. Kg2 Ba6
35. Rd2 Kd6 36. Bf7 Bb7 37. h4 a3 38. bxa3 bxc3 39. Rdc2 Bc6 40. h5 Ba4 41.
Rxc3 Bxc3 42. Rxc3 Rb2+ 43. Kh3 Rxa2 44. h6 Bd7+ 45. g4 Ra1 46. Bh5 Rb1 47. Kh4
Ke7 48. h7 Rb8 49. Kg5 Rh8 50. Kh6 Be6 51. Kg7 1-0

[Event "Bezirkseinzelmeisterschaft"]
[Site "?"]
[Date "2005.05.26"]
[Round "2.1"]
[White "Danner, Lambert"]
[Black "Pade, Joachim"]
[Result "1-0"]
[WhiteElo "1937"]
[BlackElo "1620"]
[PlyCount "129"]
[EventDate "2005.05.25"]
[SourceDate "2005.05.25"]

1. d4 e6 2. c4 f5 3. Nf3 Nf6 4. g3 b6 5. Bg2 Bb7 6. O-O Be7 7. Nc3 O-O 8. Qc2
Ne4 9. Ne5 d5 10. f3 Nd6 11. Qb3 Nf7 12. Rd1 Nxe5 13. dxe5 d4 14. e3 c5 15. Ne2
Nc6 16. f4 Qc7 17. Bd2 Rad8 18. Be1 dxe3 19. Qxe3 Nb4 20. Qb3 Bxg2 21. Kxg2
Qb7+ 22. Qf3 Qxf3+ 23. Kxf3 Nc2 24. Rab1 Nxe1+ 25. Rxe1 Rd3+ 26. Kf2 Rfd8 27.
Nc3 a6 28. Rbd1 R3d4 29. b3 h6 30. Rxd4 cxd4 31. Na4 b5 32. Nb2 g5 33. Ke2 Bb4
34. Rd1 Bc3 35. Nd3 Kf7 36. Nc5 bxc4 37. bxc4 Rc8 38. Nb7 Rb8 39. Rb1 Ke7 40.
Rb3 gxf4 41. gxf4 Rg8 42. Kf3 Rc8 43. Nd6 Rc7 44. Ke2 a5 45. Rb8 Bb4 46. Kd3
Bxd6 47. exd6+ Kxd6 48. Kxd4 Ke7 49. Ra8 e5+ 50. fxe5 f4 51. Rxa5 f3 52. Ra3 f2
53. Rf3 Rd7+ 54. Kc3 Ke6 55. Rxf2 Kxe5 56. Re2+ Kf5 57. c5 h5 58. Kc4 h4 59. c6
Rd1 60. Rc2 Rd8 61. c7 Rc8 62. Kd5 Kg4 63. Kd6 Kh3 64. Kd7 Rxc7+ 65. Kxc7 1-0

[Event "Bezirkseinzelmeisterschaft"]
[Site "?"]
[Date "2005.05.26"]
[Round "2.9"]
[White "Risius, Philipp"]
[Black "Rovner, Vladimir"]
[Result "0-1"]
[WhiteElo "1509"]
[BlackElo "1579"]
[PlyCount "102"]
[EventDate "2005.05.25"]
[SourceDate "2005.05.25"]

1. e4 c5 2. Nf3 Nc6 3. d4 cxd4 4. Nxd4 d6 5. Nc3 g6 6. Be3 Bg7 7. Be2 Nf6 8.
O-O O-O 9. f4 a6 10. f5 Ne5 11. g4 b5 12. g5 Nfd7 13. h3 Bb7 14. Nd5 Bxd5 15.
exd5 Rc8 16. c3 Nb6 17. Nf3 Nbc4 18. Bxc4 Nxc4 19. Qc1 Qd7 20. Nh4 Qb7 21. Rd1
Qd7 22. Rf1 Ne5 23. Bd4 Rc4 24. Qe3 Qb7 25. b3 Rc7 26. f6 Bh8 27. Bxe5 dxe5 28.
Qxe5 exf6 29. gxf6 Qc8 30. Rf3 Re8 31. Qd4 Qd7 32. Kf2 Qd6 33. Rg1 Kf8 34. Rg4
Rc5 35. c4 bxc4 36. bxc4 Ra5 37. Qb2 Rb8 38. Qd2 Qb6+ 39. Kg3 Qd6+ 40. Kg2 Ra4
41. c5 Rxg4+ 42. hxg4 Qxc5 43. d6 Rd8 44. Rc3 Qe5 45. g5 Qe4+ 46. Nf3 h6 47. d7
Qg4+ 48. Kf2 hxg5 49. Qd6+ Kg8 50. Qxa6 Qxd7 51. a4 g4 0-1

[Event "Bezirkseinzelmeisterschaft"]
[Site "?"]
[Date "2005.05.26"]
[Round "2.5"]
[White "Stojadinovic, Tomislav"]
[Black "Budeck, Alfred"]
[Result "0-1"]
[WhiteElo "1765"]
[BlackElo "1536"]
[PlyCount "144"]
[EventDate "2005.05.25"]
[SourceDate "2005.05.25"]

1. e4 Nf6 2. e5 Nd5 3. d4 d6 4. Nf3 Bg4 5. Bc4 e6 6. O-O dxe5 7. dxe5 Nc6 8.
Re1 Be7 9. c3 a6 10. a4 O-O 11. h3 Bh5 12. Bd3 g5 13. g4 Bg6 14. Bf1 h6 15. Na3
Qe8 16. Nc2 Rd8 17. Ncd4 Nxd4 18. cxd4 c5 19. Qb3 Rd7 20. Be3 Nxe3 21. fxe3 Be4
22. Nd2 Bc6 23. Qc3 Qd8 24. Nb3 cxd4 25. exd4 Bd5 26. Bg2 Bxb3 27. Qxb3 Rxd4
28. Re2 Bc5 29. Kh1 b6 30. Rf1 Rd3 31. Qc4 a5 32. Rf6 Rd1+ 33. Bf1 Qd4 34. Qxd4
Bxd4 35. Kg2 Kg7 36. Rf3 Rc8 37. b3 Rc5 38. Re4 Rxe5 39. Rxe5 Bxe5 40. Bc4 Rd2+
41. Kf1 Bf4 42. Ke1 Rd6 43. Ke2 Kf6 44. Rf1 Rd2+ 45. Ke1 Rh2 46. Rf3 e5 47. Bd5
Ke7 48. Kf1 f6 49. Rc3 Rd2 50. Be4 Rd7 51. Rc6 Be3 52. Ke2 Bc5 53. Bf5 Rd4 54.
Re6+ Kf7 55. Rc6 Rb4 56. Be6+ Ke7 57. Bc4 Bd6 58. Rc8 e4 59. Rh8 Bf4 60. Rxh6
Be5 61. Rh7+ Kd6 62. Ke3 Rxc4 63. bxc4 Kc5 64. Re7 Kxc4 65. Rxe5 fxe5 66. Kxe4
b5 67. h4 gxh4 68. g5 h3 69. Kf3 e4+ 70. Kg3 e3 71. g6 e2 72. Kf2 h2 0-1

[Event "Bezirkseinzelmeisterschaft"]
[Site "?"]
[Date "2005.05.26"]
[Round "2.8"]
[White "Rovner, Peter"]
[Black "Polek, Maik"]
[Result "1-0"]
[WhiteElo "1823"]
[BlackElo "1357"]
[PlyCount "131"]
[EventDate "2005.05.25"]
[SourceDate "2005.05.25"]

1. d4 Nf6 2. c4 d5 3. Nc3 e6 4. Nf3 c5 5. Bg5 Nc6 6. e3 h6 7. Bh4 Be7 8. a3
cxd4 9. exd4 O-O 10. Bd3 dxc4 11. Bxc4 Nd5 12. Bxe7 Ncxe7 13. O-O Nxc3 14. bxc3
Qc7 15. Qb3 b6 16. Rac1 Bb7 17. Be2 Nf5 18. Rfd1 Rfd8 19. Ne5 Rac8 20. Qb2 Qe7
21. Bf3 Nh4 22. Bxb7 Qxb7 23. f3 Nf5 24. Qe2 Qe7 25. Qb2 Nd6 26. Qb4 Nf5 27.
Qxe7 Nxe7 28. Ng4 Nd5 29. c4 Nf4 30. Kf2 Ng6 31. Ne3 Ne7 32. g4 g6 33. f4 f5
34. gxf5 gxf5 35. Kg3 Kf7 36. d5 exd5 37. cxd5 Rxc1 38. Rxc1 Nxd5 39. Nxf5 Kg6
40. Nh4+ Kf6 41. Rc6+ Kf7 42. Rxh6 Nf6 43. Nf3 Rd3 44. Rh3 Rxa3 45. Kh4 Ra4 46.
Kg5 a5 47. Ne5+ Kg7 48. Kf5 Nd5 49. Rg3+ Kf8 50. Ng6+ Ke8 51. h4 Ne7+ 52. Nxe7
Kxe7 53. h5 Rc4 54. h6 Rc8 55. Rg7+ Kf8 56. Rb7 Rc5+ 57. Kg4 Rc6 58. h7 Rh6 59.
Kg5 Rh1 60. Kf6 Rh6+ 61. Ke5 Rh5+ 62. f5 a4 63. Ke6 a3 64. Rf7+ Ke8 65. Rg7
Rh6+ 66. f6 1-0

[Event "Bezirkseinzelmeisterschaft"]
[Site "?"]
[Date "2005.05.26"]
[Round "3.1"]
[White "Lueders, Morten"]
[Black "Danner, Lambert"]
[Result "0-1"]
[WhiteElo "1800"]
[BlackElo "1937"]
[PlyCount "130"]
[EventDate "2005.05.25"]
[SourceDate "2005.05.25"]

1. e4 Nf6 2. e5 Nd5 3. d4 d6 4. Nf3 Bg4 5. Be2 c6 6. O-O Bxf3 7. Bxf3 dxe5 8.
dxe5 e6 9. c4 Ne7 10. Qxd8+ Kxd8 11. b3 Nd7 12. Bb2 g5 13. Nd2 Bg7 14. Rad1 Kc7
15. Ne4 Nxe5 16. Bxe5+ Bxe5 17. Nxg5 Raf8 18. Rd3 h6 19. Ne4 Rd8 20. Rfd1 Rxd3
21. Rxd3 b6 22. Nd2 c5 23. g3 Nf5 24. Be4 Nd6 25. Bg2 Re8 26. Nf1 Bd4 27. Ne3
Bxe3 28. Rxe3 Nf5 29. Rf3 Rg8 30. Bh3 Nd6 31. Re3 Kd7 32. f4 Re8 33. Re5 f6 34.
Re2 b5 35. cxb5 Nxb5 36. Rd2+ Nd4 37. b4 Kd6 38. bxc5+ Kxc5 39. Rb2 e5 40. fxe5
fxe5 41. Kf2 a5 42. Ke3 Kc4 43. Rb6 e4 44. Rd6 Nc2+ 45. Ke2 Kc3 46. a4 e3 47.
Rc6+ Kb3 48. Rb6+ Ka3 49. Rd6 Re4 50. Bf1 Nd4+ 51. Kd3 e2 52. Bxe2 Rxe2 53.
Rxd4 Rxh2 54. Kc4 Kxa4 55. Kc5+ Kb3 56. Rd3+ Kc2 57. Rd5 Kc3 58. Kb5 a4 59.
Rc5+ Kb3 60. Rf5 a3 61. Rf3+ Kb2 62. Ka4 a2 63. Rb3+ Kc1 64. Ra3 Kb1 65. Rb3+
Rb2 0-1

[Event "Bezirkseinzelmeisterschaft"]
[Site "?"]
[Date "2005.05.26"]
[Round "3.2"]
[White "Feicht, Arno"]
[Black "Bruchmueller, Frank"]
[Result "1-0"]
[WhiteElo "1930"]
[BlackElo "1518"]
[PlyCount "33"]
[EventDate "2005.05.25"]
[SourceDate "2005.05.25"]

1. d4 Nf6 2. Nc3 d5 3. Bg5 e6 4. Nf3 Be7 5. Bxf6 Bxf6 6. e4 dxe4 7. Nxe4 Nd7 8.
Qd2 b6 9. Bd3 Bb7 10. O-O-O Rc8 11. h4 c5 12. Nd6+ Ke7 13. Nxb7 Qc7 14. Be4 Rb8
15. dxc5 Rxb7 16. Bxb7 Qxb7 17. Qd6+ 1-0

[Event "Bezirkseinzelmeisterschaft"]
[Site "?"]
[Date "2005.05.26"]
[Round "3.3"]
[White "Budeck, Alfred"]
[Black "Khasin, Daniel"]
[Result "0-1"]
[WhiteElo "1536"]
[BlackElo "1600"]
[PlyCount "106"]
[EventDate "2005.05.25"]
[SourceDate "2005.05.25"]

1. c4 e5 2. Nc3 Nf6 3. d3 Nc6 4. g3 d5 5. cxd5 Nxd5 6. Bg2 Be6 7. Nxd5 Bxd5 8.
e4 Be6 9. Ne2 Nb4 10. Qa4+ c6 11. O-O Qxd3 12. Nc3 Qa6 13. Qxa6 Nxa6 14. f4
Bc5+ 15. Kh1 Bc4 16. Rd1 Bd4 17. fxe5 Bxe5 18. Bf4 Bxf4 19. gxf4 O-O 20. Rd4 b5
21. Rd6 b4 22. b3 bxc3 23. bxc4 Rfd8 24. e5 Rxd6 25. exd6 Rd8 26. Bxc6 Rxd6 27.
Bd5 Nb4 28. Re1 g6 29. Rc1 Nxd5 30. cxd5 Rxd5 31. Rxc3 Rd1+ 32. Kg2 Rd2+ 33.
Kg3 Rxa2 34. h4 h5 35. f5 Kg7 36. Rf3 Rb2 37. f6+ Kh6 38. Ra3 Rb7 39. Re3 Rb6
40. Re7 Rxf6 41. Rxa7 Rf5 42. Ra4 f6 43. Rd4 g5 44. Rc4 g4 45. Rf4 Rxf4 46.
Kxf4 Kg6 47. Kg3 Kf5 48. Kg2 Kf4 49. Kf2 f5 50. Kg2 Ke3 51. Kf1 f4 52. Ke1 f3
53. Kf1 f2 0-1

[Event "Bezirkseinzelmeisterschaft"]
[Site "?"]
[Date "2005.05.26"]
[Round "3.4"]
[White "Tkatschow, Anatoli"]
[Black "Rovner, Peter"]
[Result "1/2-1/2"]
[WhiteElo "1840"]
[BlackElo "1823"]
[PlyCount "34"]
[EventDate "2005.05.25"]
[SourceDate "2005.05.25"]

1. d4 c6 2. Nf3 d5 3. e3 Nf6 4. Bd3 Bg4 5. Nbd2 e6 6. c3 Bd6 7. Qb3 Qc7 8. h3
Bxf3 9. Nxf3 Nbd7 10. Bd2 O-O 11. Rc1 Qb6 12. c4 Qxb3 13. axb3 dxc4 14. bxc4 c5
15. Bc3 cxd4 16. exd4 e5 17. dxe5 Rfe8 1/2-1/2

[Event "Bezirkseinzelmeisterschaft"]
[Site "?"]
[Date "2005.05.26"]
[Round "3.5"]
[White "Rovner, Vladimir"]
[Black "Orwatsch, Gerhard"]
[Result "0-1"]
[WhiteElo "1597"]
[BlackElo "1930"]
[PlyCount "114"]
[EventDate "2005.05.25"]
[SourceDate "2005.05.25"]

1. d4 d5 2. c4 dxc4 3. e3 e5 4. Bxc4 exd4 5. exd4 Nf6 6. Nf3 Bb4+ 7. Nc3 Qe7+
8. Be3 O-O 9. O-O Be6 10. Bxe6 Qxe6 11. a3 Be7 12. Re1 Bd8 13. Bg5 Qa6 14. Rc1
Nbd7 15. Qb3 c6 16. Rc2 Qb6 17. Qc4 a5 18. Rce2 Qa6 19. Qb3 a4 20. Qc2 b5 21.
Bf4 Ba5 22. Bd6 Rfe8 23. Rxe8+ Rxe8 24. Rxe8+ Nxe8 25. Bf4 Nef6 26. h3 Bxc3 27.
bxc3 Nb6 28. Ne5 Nc4 29. Nxc4 bxc4 30. Qb2 Qb5 31. Qxb5 cxb5 32. f3 Nd5 33. Bd2
f5 34. g3 Kf7 35. Kf2 Ke6 36. f4 Nf6 37. Be1 Ne4+ 38. Kf3 Kd5 39. Ke3 h6 40. h4
g6 41. Kf3 b4 42. cxb4 Kxd4 43. Ke2 Nd6 44. Bd2 Nb5 45. Bc1 Kc3 46. Kd1 Kd3 47.
Bb2 Ke3 48. h5 gxh5 49. Ke1 Kf3 50. Kf1 Kxg3 51. Bc1 h4 52. Kg1 h3 53. Kh1 h2
54. Bb2 Kxf4 55. Bc1+ Ke4 56. Kxh2 Kd3 57. Bxh6 Nxa3 0-1